Las tortugas pueden volar = Lakposhtha hâm parvaz mikonand /
Tercer largometraje dirigido por el cineasta kurdo-iraní Bahman Ghobadi, cuyos protagonistas son un grupo de niños y adolescentes, habitantes de un campo de refugiados kurdos en la frontera turco-iraquí durante las vísperas de la invasión norteamericana de Irak en 2003. El avispado y dinámico adoles...
Bewaard in:
| Hoofdauteur: | |
|---|---|
| Andere auteurs: | , , , , , , , , |
| Formaat: | |
| Gepubliceerd in: |
Irán : París, Francia :
Mij Film ; Bac Films,
2004
|
| Onderwerpen: | |
| Tags: |
Geen labels, Wees de eerste die dit record labelt!
|
MARC
| LEADER | 00000ngm^a2200000^a^4500 | ||
|---|---|---|---|
| 001 | 000196004 | ||
| 005 | 20250521000000.0 | ||
| 009 | 20260310102810.863 | ||
| 037 | |a Acervo ITESO - Biblioteca | ||
| 041 | |a OTR | ||
| 082 | |a 891. 52 |b GHO | ||
| 100 | |a Ghobadi, Bahman |e (realización) | ||
| 240 | 1 | 5 | |a [Las tortugas pueden volar] |
| 245 | 1 | 4 | |a Las tortugas pueden volar = |b Lakposhtha hâm parvaz mikonand / |c Realización de B. Ghobadi. |
| 264 | 1 | |a Irán : |b Mij Film ; |a París, Francia : |b Bac Films, |c 2004 | |
| 264 | 2 | |a México : |b Zima Entertainment [distribución], |c copyright fecha no identificada | |
| 300 | |a 1 DVD regiones 1 y 4 |c (93 min.) | ||
| 336 | |a imagen móvil bidimensional |b tdi |2 rdacontenido | ||
| 337 | |a video |b v |2 rdamedio | ||
| 338 | |a videodisco |b vd |2 rdasoporte | ||
| 520 | |a Tercer largometraje dirigido por el cineasta kurdo-iraní Bahman Ghobadi, cuyos protagonistas son un grupo de niños y adolescentes, habitantes de un campo de refugiados kurdos en la frontera turco-iraquí durante las vísperas de la invasión norteamericana de Irak en 2003. El avispado y dinámico adolescente apodado "Satélite" encabeza en este escenario a un grupo de niños en las tareas de desactivar minas antipersonales, llamadas por su forma "tortugas", para después venderlas e instalar los aparatos necesarios para que los pobladores puedan ver las noticias televisuales sobre el inminente conflicto. Al unísono, surge una rivalidad de liderazgo con el manco huérfano Hengov, quien al parecer es clarividente y recién ha llegado al campo junto con su hermana Agrin, un rencor vivo, y Riga, un niño de tres años cuyo origen es secreto. Ghobadi expone los perjuicios materiales y físicos que la guerra ocasiona en niños y adolescentes, pero alcanza la mayor hondura emocional y poética a través de la desgarradora Agrin, quien con ya todo perdido está dispuesta a perderse a sí misma, impensable sin la estremecedora interpretación, fraguada al filo del vacío, de la pequeña actriz no profesional Avaz Latif. La mancuerna Ghobadi-Latif traza un complejo retrato femenino, dotado de una densa dimensión existencial quizás no frecuente en las mejores representaciones fílmicas de las mujeres en las cinematografías de los países islámicos en general. No sorprende que tras la triunfal exhibición de la película en el Festival de San Sebastián, España, en 2004, los críticos compararan la fuerza de la mirada de Latif con la legendaria actuación de Ana Torrent, a los seis años de edad, en El espíritu de la colmena (1973). | ||
| 520 | |a Suplementaros y características especiales: 1) Galería de fotografías detrás de cámaras y de la película; 2) Pantallas de texto con un testimonio del director sobre la génesis e intenciones del proyecto; 3) Pantallas de texto con ficha, sinopsis y premios de la película y 4) Pantallas de texto con filmografía de Bahman Ghobadi. | ||
| 546 | |a En kurdo, con subtítulos opcionales: español | ||
| 546 | |a Doblaje opcional: español | ||
| 586 | |a Festival Internacional de Cine de San Sebastián (52º: 2004): Premio a la Mejor Película (Concha de Oro) | ||
| 586 | |a Premio Cóndor de Plata, de la Asociación de Cronistas Cinematográficos de Argentina (55°: 2007): Mejor Película Extranjera en Lengua No Hispana (finalista) | ||
| 586 | |a Premio Sur, de la Academia Argentina de Cine (1°: 2006): Mejor Película Extranjera (finalista) | ||
| 649 | |a XX | ||
| 650 | |a Madres Solteras - |z Irak - |x Condiciones Políticas | ||
| 650 | |a Mujeres - |z Irak - |x Condiciones Políticas | ||
| 650 | |a Niños - |z Irak - |x Condiciones Políticas - |x Tema Principal | ||
| 650 | |a Huérfanos - |z Irak - |x Condiciones Políticas | ||
| 650 | |a Víctimas de Guerra - |z Irak - |x Condiciones Políticas - |x Tema Principal | ||
| 650 | |a Poesía en el Cine | ||
| 650 | |a Cine Social y Político | ||
| 650 | |a Tragedia | ||
| 650 | |a Dramas Cinematográficos | ||
| 650 | |a Cine Kurdo - |y 2000-2009 | ||
| 650 | |a Cine Kurdo - |y Siglo XXI | ||
| 650 | |a Cine Iraní - |y 2000-2009 | ||
| 650 | |a Cine Iraní - |y Siglo XXI | ||
| 650 | |a Suicidio | ||
| 650 | |a Filicidio | ||
| 650 | |a Infanticidio | ||
| 650 | |a Violación - |z Irak | ||
| 650 | |a Mutilación - |z Irak | ||
| 650 | |a Crímenes de Guerra - |z Irak | ||
| 650 | |a Minas Antipersonales - |z Irak | ||
| 650 | |a Guerra y Paz - |z Irak | ||
| 650 | |a Violencia Política - |z Irak | ||
| 650 | |a Trabajo Infantil - |z Irak | ||
| 650 | |a Problemas Sociales - |z Irak | ||
| 650 | |a Fronteras Geopolíticas - |z Irak-Turquía | ||
| 650 | |a Kurdistán - |x Condiciones Políticas | ||
| 650 | |a Política - |z Kurdistán - |x Historia - |y 2000-2009 | ||
| 650 | |a Política - |z Kurdistán - |x Historia - |y Siglo XXI | ||
| 650 | |a Turquía en el Cine | ||
| 650 | |a Irak en el Cine | ||
| 650 | |a Irak - |x Condiciones Políticas | ||
| 650 | |a Política - |z Irak - |x Historia - |y Régimen de Saddam Hussein, 1979-2003 - |x Tema Principal | ||
| 650 | |a Política - |z Irak - |x Historia - |y 1968-2003 | ||
| 650 | |a Política - |z Irak - |x Historia - |y Invasión Norteamericana, 2003-2004 | ||
| 650 | |a Política - |z Irak - |x Historia - |y Siglo XXI | ||
| 700 | |a Ghobadi, Bahman |e (guión) | ||
| 700 | |a Assadi, Shahriar |e (fotógrafo) | ||
| 700 | |a Nikzat, Saed |e (fotógrafo) | ||
| 700 | |a Kherqepush, Mostafa |e (montaje) | ||
| 700 | |a Safi-Yari, Haydeh |e (montaje) | ||
| 700 | |a Alizadeh, Hossein |e (música) | ||
| 700 | |a Latif, Avaz |e (actuación) | ||
| 700 | |a Ebrahim, Soran |e (actuación) | ||
| 700 | |a Feysal, Saddam Hossein |e (actuación) | ||
| 910 | |a Fondo General | ||
| 920 | |a Audiovisuales - DVDs | ||
| 940 | |a Películas | ||
| 905 | |a 302 | ||
| 901 | |a 0500131998 |b IT2 |c DVS |u 20250521 | ||
| 902 | |a https://opac.biblio.iteso.mx/vufind/Record/000196004 | ||